000 00589nam a2200205Ia 4500
003 Ost
005 20260507075139.0
008 260507s9999||||xx |||||||||||||| ||und||
040 _cfsecg
041 _aara
082 _a330
100 _eمؤلف
245 0 _aالفساد الاداري والمالي في الوطن العربي /
260 _aالقاهرة:
_bالمنظمة العربية للتنمية الادارية,
_c2008
300 _a312 صفحة؛
653 _aغسيل الاموال
653 _aفساد
653 _aوطن عربي
942 _cكتاب
999 _c43288
_d43288